INTRODUCTION TO MATHEMATICAL STATISTICS (Record no. 9417)

MARC details
000 -LEADER
fixed length control field 00696nam a22001697a 4500
003 - CONTROL NUMBER IDENTIFIER
control field SGT
020 ## - INTERNATIONAL STANDARD BOOK NUMBER
International Standard Book Number 9789332519114
082 ## - DEWEY DECIMAL CLASSIFICATION NUMBER
Classification number 519.5,HOG
100 ## - MAIN ENTRY--PERSONAL NAME
Personal name HOGG V. ROBERT
245 ## - TITLE STATEMENT
Title INTRODUCTION TO MATHEMATICAL STATISTICS
250 ## - EDITION STATEMENT
Edition statement 7TH
260 ## - PUBLICATION, DISTRIBUTION, ETC. (IMPRINT)
Place of publication, distribution, etc NEW DELHI
Name of publisher, distributor, etc PEARSON
Year of Publication 2014
300 ## - PAGE DESCRIPTION
No. of Pages 650
650 ## - SUBJECT ADDED ENTRY--TOPICAL TERM
Topical term or geographic name as entry element PROBABILITIES & APPLIED MATHEMATICS
653 ## - KEYWORDS--INDEX TERM
Keyword term PROBABILITY AND DISTRIBUTIONS, MULTIVARIATE DISTRIBUTIONS, SOME SPECIAL DISTRIBUTIONS, SOME ELEMENTARY STATISTICAL INFERENCES, CONSISTENCY AND LIMITING DISTRIBUTIONS, MAXIMUM LIKELIHOOD METHODS, SUFFICIENCY, OPTIMAL TESTS OF HYPOTHESES, INFERENCES ABOUT NORMAL MODELS, NONPARAMETRIC AND ROBUST STATISTICS
942 ## - ADDED ENTRY ELEMENTS (KOHA)
Source of classification or shelving scheme Dewey Decimal Classification
Koha item type FPS Books
Holdings
Withdrawn status Lost status Source of classification or shelving scheme Damaged status Not for loan Collection code Home library Current library Shelving location Date acquired Vendor Name Cost, normal purchase price SGTU Bill Number Full call number Accession No. (Barcode) Date last seen Bill Date Koha item type
    Dewey Decimal Classification   Not For Loan SCIENCE SGT Science & Social Sciences Library SGT Science & Social Sciences Library Reference Book 01/07/2016 KIRTI PRAKASHAN 899.00 SGTU 2947 519.5,HOG PS952 01/07/2016 19/09/2015 FPS Books